Cities of North Carolina by Population - Statistics

General Stats
  • This quiz has been taken 124 times
  • The average score is 20 of 46
Answer Stats
Population City % Correct
792,862 Charlotte
98%
431,746 Raleigh
96%
279,639 Greensboro
88%
245,475 Durham
87%
236,441 Winston-Salem
87%
112,067 Wilmington
79%
87,236 Asheville
78%
151,088 Cary
72%
204,408 Fayetteville
72%
59,635 Chapel Hill
68%
89,130 Greenville
66%
107,741 High Point
58%
73,209 Gastonia
55%
83,506 Concord
53%
69,079 Jacksonville
52%
51,510 Burlington
47%
56,954 Rocky Mount
46%
42,214 Apex
45%
40,361 Hickory
40%
30,242 New Bern
40%
49,628 Wilson
38%
36,306 Goldsboro
35%
44,359 Kannapolis
35%
33,604 Salisbury
35%
50,458 Huntersville
34%
34,887 Mooresville
32%
25,432 Statesville
32%
21,823 Lumberton
31%
33,975 Monroe
31%
25,913 Asheboro
29%
29,384 Matthews
27%
34,752 Wake Forest
27%
21,641 Kinston
26%
23,567 Kernersville
25%
29,470 Sanford
25%
26,772 Garner
22%
26,968 Thomasville
22%
21,277 Fuquay-Varina
21%
35,494 Indian Trail
21%
20,270 Shelby
21%
28,915 Holly Springs
20%
20,591 Morrisville
16%
20,908 Carrboro
15%
24,543 Mint Hil
14%
26,898 Cornelius
12%
20,940 Havelock
8%
No matching quizzes found
Score Distribution
Percent of People with Each Score
Percentile by Number Answered
Your Score History
You have not taken this quiz